[Event "Sherbrooke op U1500 Online"]
[Site "Chess.com"]
[Date "2021.05.30"]
[Round "5"]
[White "Fodil, Abderrahmane"]
[Black "El-Bechara, Gabriel-Mourani"]
[Result "0-1"]
[WhiteElo "919"]
[BlackElo "1097"]
[PlyCount "62"]
[EventDate "2021.05.28"]
[EventType "swiss"]
[EventRounds "5"]
[EventCountry "CAN"]

1. e4 e5 2. Nf3 Nc6 3. Bc4 Nf6 4. Nc3 a6 5. h3 Bc5 6. O-O O-O 7. d3 h6 8. Be3
Bd4 9. Bxd4 exd4 10. Nd5 b5 11. Bb3 a5 12. a3 d6 13. Nf4 Ne5 14. Nxd4 c5 15.
Nxb5 a4 16. Ba2 Rb8 17. Nc3 Rxb2 18. Nxa4 Rb8 19. Nc3 Qa5 20. Nce2 Bb7 21. Ng3
g6 22. Qe2 Ba6 23. Nd5 Nxd5 24. Bxd5 Qa4 25. Bb3 Qd4 26. Bd5 c4 27. Qd2 cxd3
28. cxd3 Rb2 29. Qxh6 Nxd3 30. Rfd1 Qxf2+ 31. Kh1 Qxg2# 0-1

[Event "Sherbrooke op U1500 Online"]
[Site "Chess.com"]
[Date "2021.05.30"]
[Round "5"]
[White "Imbeault, Marc"]
[Black "Chelkowski, Jan"]
[Result "1/2-1/2"]
[WhiteElo "1190"]
[BlackElo "1101"]
[PlyCount "95"]
[EventDate "2021.05.28"]
[EventType "swiss"]
[EventRounds "5"]
[EventCountry "CAN"]

1. e4 e5 2. Nf3 Nc6 3. Bc4 h6 4. c3 Nf6 5. d3 Bc5 6. Nbd2 Ng4 7. O-O Na5 8. b4
Nxc4 9. Nxc4 Bd6 10. Nxd6+ cxd6 11. h3 Nf6 12. Be3 Qe7 13. Qa4 b6 14. Bxb6 a6
15. Rfe1 Nh5 16. Be3 Bb7 17. Qd1 Nf4 18. Bxf4 exf4 19. Qd2 O-O 20. Qxf4 Rac8
21. Qd2 Qf6 22. Rac1 Qg6 23. c4 f5 24. Qe3 fxe4 25. dxe4 Rf6 26. Nh4 Qf7 27.
Nf5 Re8 28. f3 Rxf5 29. Qb6 Rg5 30. Rf1 Qg6 31. Rc2 Bxe4 32. fxe4 Qxe4 33. Qf2
Qe7 34. Rcc1 Qe6 35. Qf3 Kh7 36. Rf2 Re5 37. Rcf1 Qxc4 38. Qf7 Qxf7 39. Rxf7
Rd8 40. Rf8 Rxf8 41. Rxf8 Re1+ 42. Kh2 Ra1 43. Rd8 Rxa2 44. Rxd7 Rd2 45. Ra7
Ra2 46. Rd7 Rd2 47. Ra7 Ra2 48. Rd7 1/2-1/2

[Event "Sherbrooke op U1500 Online"]
[Site "Chess.com"]
[Date "2021.05.30"]
[Round "5"]
[White "Jiang, Hancy"]
[Black "Alikaj, Noel"]
[Result "1-0"]
[WhiteElo "910"]
[BlackElo "1366"]
[PlyCount "115"]
[EventDate "2021.05.28"]
[EventType "swiss"]
[EventRounds "5"]
[EventCountry "CAN"]

1. d4 d5 2. Bf4 e6 3. e3 Nc6 4. Nf3 b6 5. Nbd2 Bb7 6. c3 Bd6 7. Bg3 Nf6 8. Bd3
O-O 9. Ne5 Bxe5 10. dxe5 Nd7 11. f4 f6 12. exf6 Qxf6 13. Qh5 g6 14. Qh4 Qxh4
15. Bxh4 e5 16. Bg3 e4 17. Bc2 a6 18. Ke2 Nc5 19. b4 Nd7 20. Bb3 Ne7 21. Nxe4
Nf5 22. Nd2 c5 23. Nf3 c4 24. Bc2 b5 25. Bf2 Rae8 26. g4 Nd6 27. Nd4 Rxf4 28.
Bg3 Rf6 29. g5 Rfe6 30. Nxe6 Rxe6 31. Bxd6 Rxd6 32. Rhf1 Re6 33. Kd2 Ne5 34.
Rf4 d4 35. exd4 Nf3+ 36. Kc1 Nxh2 37. Kb2 Nf3 38. Rf1 Nxg5 39. Rf6 Kg7 40. Rxe6
Nxe6 41. Re1 Bc8 42. d5 Nf4 43. d6 Kf6 44. Re7 h5 45. d7 Bxd7 46. Rxd7 Nd3+ 47.
Bxd3 cxd3 48. Rxd3 Kf5 49. Kc2 Kf4 50. Kd2 h4 51. Ke2 g5 52. Kf2 g4 53. Rd4+
Kg5 54. c4 h3 55. Kg3 bxc4 56. Rxg4+ Kf5 57. Rxc4 Ke5 58. Kxh3 1-0

[Event "Sherbrooke op U1500 Online"]
[Site "Chess.com"]
[Date "2021.05.30"]
[Round "5"]
[White "Mutyalapati, Modith Aaroh"]
[Black "Deshpande, Sarthak"]
[Result "1/2-1/2"]
[WhiteElo "790"]
[BlackElo "1350"]
[PlyCount "111"]
[EventDate "2021.05.28"]
[EventType "swiss"]
[EventRounds "5"]
[EventCountry "CAN"]

1. e4 c5 2. Nf3 d6 3. d4 cxd4 4. Nxd4 Nf6 5. Nc3 a6 6. Bc4 e6 7. Bb3 Be7 8. g4
Nc6 9. g5 Nxd4 10. Qxd4 e5 11. Qd3 Nd7 12. Qf3 O-O 13. h4 Nc5 14. Be3 Nxb3 15.
cxb3 Be6 16. O-O-O Rc8 17. Kb1 Qd7 18. Qg3 Bg4 19. f3 Bh5 20. Rd2 g6 21. f4 Qg4
22. Qxg4 Bxg4 23. fxe5 dxe5 24. Nd5 Rfe8 25. Rf1 Be6 26. Nf6+ Bxf6 27. gxf6
Red8 28. Rdf2 h5 29. Rg1 Rd3 30. Re1 Bg4 31. Rc2 Rxc2 32. Kxc2 Rd6 33. Bg5 Rd4
34. Re3 Bd7 35. Rd3 Rxd3 36. Kxd3 Bb5+ 37. Ke3 Kf8 38. a4 Bc6 39. a5 Ke8 40.
Kd3 Kd7 41. b4 Kd6 42. Bh6 Bb5+ 43. Kc3 Bf1 44. Bf8+ Kc6 45. Bc5 Bg2 46. Kd3
Kd7 47. Be7 Ke6 48. Bd8 g5 49. hxg5 h4 50. Bb6 h3 51. Bg1 Bf3 52. Bh2 Bg2 53.
Bg3 Bf3 54. Bh2 Bg2 55. Bg3 Bf3 56. Bh2 1/2-1/2

[Event "Victoria op Online"]
[Site "chess.com"]
[Date "2021.01.02"]
[Round "1.1"]
[White "Soliven, Joe"]
[Black "Kirby, Levi"]
[Result "1-0"]
[WhiteElo "2080"]
[BlackElo "1486"]
[PlyCount "63"]
[EventDate "2021.01.02"]
[EventType "swiss (rapid)"]
[EventRounds "5"]
[EventCountry "CAN"]

1. Nf3 c5 2. b3 e6 3. Bb2 Nf6 4. e3 Be7 5. c4 O-O 6. Nc3 d5 7. cxd5 Nxd5 8. h4
Nc6 9. Qb1 f5 10. h5 h6 11. Rh3 Bf6 12. Be2 a6 13. a4 Kh8 14. Rg3 e5 15. Bc4
Ndb4 16. Kf1 e4 17. Ne1 Na5 18. d3 exd3 19. Bxd3 Nxb3 20. Kg1 Nxa1 21. Bxa1
Nxd3 22. Nxd3 Rb8 23. Nf4 Kh7 24. e4 Be5 25. Ncd5 Qd6 26. Rg6 Bxf4 27. Rxd6
Bxd6 28. e5 Be6 29. Nf4 Bc7 30. Nxe6 Rfc8 31. Qxf5+ Kh8 32. Qf7 1-0

[Event "Victoria op Online"]
[Site "chess.com"]
[Date "2021.01.02"]
[Round "1.2"]
[White "Cheng, Clement"]
[Black "Kosinski, George"]
[Result "0-1"]
[WhiteElo "1475"]
[BlackElo "1855"]
[PlyCount "52"]
[EventDate "2021.01.02"]
[EventType "swiss (rapid)"]
[EventRounds "5"]
[EventCountry "CAN"]

1. Nf3 g6 2. e4 Bg7 3. d4 d6 4. Bc4 Nf6 5. Nc3 O-O 6. h3 Nxe4 7. Bxf7+ Rxf7 8.
Nxe4 Bd7 9. Be3 e6 10. Qd2 Nc6 11. Bh6 d5 12. Nc5 Bxh6 13. Qxh6 Rxf3 14. gxf3
Nxd4 15. O-O-O Nxf3 16. Nxd7 Qxd7 17. Rd3 Rf8 18. Rhd1 c5 19. Re3 c4 20. h4 Rf5
21. Kb1 Qf7 22. Rxf3 Rxf3 23. Qg5 Rxf2 24. a3 Qf6 25. Qxf6 Rxf6 26. Re1 Kf7 0-1

[Event "Victoria op Online"]
[Site "chess.com"]
[Date "2021.01.02"]
[Round "1.3"]
[White "Kagaoan, Jose"]
[Black "Ingram, Richard"]
[Result "0-1"]
[WhiteElo "1853"]
[BlackElo "1457"]
[PlyCount "138"]
[EventDate "2021.01.02"]
[EventType "swiss (rapid)"]
[EventRounds "5"]
[EventCountry "CAN"]

1. g4 d5 2. h3 e6 3. Bg2 Bd6 4. Nf3 Ne7 5. e3 Nbc6 6. Nc3 Bd7 7. a3 Ng6 8. h4
Nge5 9. Nxe5 Nxe5 10. f4 Nc6 11. Qf3 Qe7 12. Ne2 O-O-O 13. d3 a6 14. Bd2 Bc5
15. b4 Bb6 16. c3 Kb8 17. a4 Bc8 18. a5 Ba7 19. d4 f6 20. O-O Rhf8 21. Rfb1 e5
22. f5 g6 23. b5 axb5 24. Rxb5 e4 25. Qf1 gxf5 26. Rab1 fxg4 27. Nf4 Qf7 28.
Rxb7+ Bxb7 29. Qb5 Nxa5 30. Qxa5 Bb6 31. Qa2 f5 32. Be1 Rd6 33. Bg3 Kc8 34. Bf1
Kd7 35. Bb5+ Ke7 36. c4 Ra8 37. Qd2 dxc4 38. Qb4 Kf6 39. Bxc4 Qd7 40. Qb2 Ke7
41. Re1 Bd5 42. Bb5 Qc8 43. Nxd5+ Rxd5 44. Bc6 Raa5 45. Qb4+ Kf6 46. Be5+ Rxe5
47. dxe5+ Rxe5 48. Qc3 Ba5 49. Qc1 Bxe1 50. Qxe1 Qa6 51. Qc3 Qd3 52. Qxd3 exd3
53. Kf2 Rc5 54. Ba4 Rc2+ 55. Kg3 Re2 56. Bb5 Rxe3+ 57. Kf2 Rf3+ 58. Ke1 Ke5 59.
Kd2 Kd4 60. Bc6 Rf2+ 61. Ke1 Rc2 62. Ba4 Rb2 63. Be8 Re2+ 64. Kf1 Rxe8 65. h5
d2 66. h6 d1=Q+ 67. Kg2 Qf3+ 68. Kh2 Re2+ 69. Kg1 Qg2# 0-1

[Event "Victoria op Online"]
[Site "chess.com"]
[Date "2021.01.02"]
[Round "1.4"]
[White "Escandor, Manuel Omana"]
[Black "Beddoes, Richard"]
[Result "0-1"]
[WhiteElo "1432"]
[BlackElo "1832"]
[PlyCount "124"]
[EventDate "2021.01.02"]
[EventType "swiss (rapid)"]
[EventRounds "5"]
[EventCountry "CAN"]

1. e4 c6 2. d4 d5 3. e5 Bf5 4. Ne2 e6 5. Ng3 Bg6 6. Nc3 Bb4 7. Bd2 Ne7 8. Nce2
Bxd2+ 9. Qxd2 Nf5 10. Nf4 Nd7 11. Bd3 Nxg3 12. hxg3 Bxd3 13. Nxd3 Qc8 14. Qg5
Kf8 15. f4 h6 16. Qg4 g6 17. O-O-O c5 18. dxc5 Nxc5 19. Nxc5 Qxc5 20. Rd3 Qf2
21. Rc3 Qxg2 22. Qh4 d4 23. Rc7 Re8 24. Rd1 Qd5 25. b3 Qa5 26. Rc4 b5 27. Rcxd4
Qxa2 28. Kd2 Qa5+ 29. b4 Qc7 30. Kc1 g5 31. fxg5 Qxe5 32. gxh6 Qe3+ 33. Kb2
Rxh6 34. Qg4 Rg6 35. Qh5 Rxg3 36. R4d3 Qg5 37. Qh8+ Qg8 38. Qe5 Qg7 39. Re1
Qxe5+ 40. Rxe5 Rxd3 41. cxd3 a6 42. Rc5 Ke7 43. Rc6 Ra8 44. Rb6 f5 45. Kc3 Kf6
46. Kd4 Rd8+ 47. Ke3 Ke5 48. Rxa6 f4+ 49. Ke2 Rd4 50. Rc6 Rxb4 51. Rc5+ Kf6 52.
d4 Rxd4 53. Rxb5 e5 54. Kf3 Kf5 55. Rb8 Rd3+ 56. Ke2 Ra3 57. Rb4 e4 58. Rb5+
Kg4 59. Rb4 Ra2+ 60. Ke1 Kf3 61. Rb3+ e3 62. Rb1 Rh2 0-1

[Event "Victoria op Online"]
[Site "chess.com"]
[Date "2021.01.02"]
[Round "1.5"]
[White "Pitre, Hanniegn"]
[Black "Gray, Scott"]
[Result "1-0"]
[WhiteElo "1818"]
[BlackElo "1428"]
[PlyCount "43"]
[EventDate "2021.01.02"]
[EventType "swiss (rapid)"]
[EventRounds "5"]
[EventCountry "CAN"]

1. e4 c5 2. b4 cxb4 3. Bb2 d5 4. exd5 Qxd5 5. Nf3 Nf6 6. Be2 Nc6 7. O-O g6 8.
c4 bxc3 9. Nxc3 Qf5 10. Nb5 Kd8 11. d4 a6 12. d5 Nb4 13. Ne5 Nfxd5 14. a3 axb5
15. axb4 Rxa1 16. Qxd5+ Bd7 17. Rxa1 Rg8 18. Bf3 Qe6 19. Ra8+ Kc7 20. Qxb7+ Kd6
21. Ra6+ Bc6 22. Rxc6# 1-0

[Event "Victoria op Online"]
[Site "chess.com"]
[Date "2021.01.02"]
[Round "1.6"]
[White "Parpatt, Mark"]
[Black "Hanrahan, Nigel"]
[Result "1-0"]
[WhiteElo "1422"]
[BlackElo "1801"]
[PlyCount "93"]
[EventDate "2021.01.02"]
[EventType "swiss (rapid)"]
[EventRounds "5"]
[EventCountry "CAN"]

1. e4 d5 2. exd5 Nf6 3. Nf3 Nxd5 4. d4 g6 5. c4 Nf6 6. Bd3 Bg7 7. h3 O-O 8. O-O
Nc6 9. Be3 Nb4 10. Be2 Bf5 11. Na3 c6 12. Ne1 Qc7 13. Nd3 Nxd3 14. Bxd3 Bxd3
15. Qxd3 Rad8 16. Qe2 a6 17. Rac1 Qb8 18. b3 e5 19. dxe5 Qxe5 20. Rfe1 Rfe8 21.
Nc2 Nh5 22. Rb1 f5 23. Qf3 Qc3 24. Rec1 Qa5 25. a4 Qc7 26. Bg5 Nf6 27. Ne3 Rd3
28. Rd1 Red8 29. Qe2 Qd7 30. c5 Rxd1+ 31. Rxd1 Qe7 32. Rxd8+ Qxd8 33. Qc4+ Kh8
34. Qf7 h6 35. Bf4 Nd5 36. Nxd5 Qxd5 37. Qxg6 Qxc5 38. Bxh6 Bxh6 39. Qxh6+ Kg8
40. Qe6+ Kf8 41. Qc8+ Ke7 42. Qxb7+ Ke6 43. Qxa6 Qc1+ 44. Qf1 Qc2 45. Qc4+ Qxc4
46. bxc4 Kd6 47. h4 1-0

[Event "Victoria op Online"]
[Site "chess.com"]
[Date "2021.01.02"]
[Round "1.7"]
[White "Haines, Duncan"]
[Black "Zhang, Raymond Tangning"]
[Result "1-0"]
[WhiteElo "1783"]
[BlackElo "1420"]
[PlyCount "113"]
[EventDate "2021.01.02"]
[EventType "swiss (rapid)"]
[EventRounds "5"]
[EventCountry "CAN"]

1. d4 e6 2. Nf3 Nf6 3. Bg5 Be7 4. e3 c5 5. Bd3 Qb6 6. Nbd2 Nc6 7. Nb3 cxd4 8.
exd4 Na5 9. O-O d5 10. c3 Nc4 11. Qc2 Qc7 12. Rae1 Ng4 13. Bxe7 Qxe7 14. Bxc4
dxc4 15. Nbd2 Qc7 16. Qa4+ Bd7 17. Qxc4 Qxc4 18. Nxc4 O-O 19. Ne3 Nxe3 20. fxe3
f6 21. e4 Bc6 22. c4 f5 23. exf5 Bxf3 24. Rxf3 Rxf5 25. Rxe6 Rxf3 26. gxf3 Kf7
27. d5 Rc8 28. b3 a6 29. Rb6 Rc7 30. Kf2 g5 31. Ke3 h5 32. Kd4 g4 33. fxg4 hxg4
34. c5 Ke8 35. Rh6 Rg7 36. b4 g3 37. hxg3 Rxg3 38. Rh8+ Kd7 39. Rh7+ Kc8 40. c6
bxc6 41. dxc6 Ra3 42. Kc5 Rxa2 43. Kb6 Rd2 44. Rh8+ Rd8 45. Rxd8+ Kxd8 46. Kb7
a5 47. c7+ Ke7 48. bxa5 Kf7 49. c8=Q Kg7 50. Qe8 Kh7 51. Qf8 Kg6 52. a6 Kh7 53.
a7 Kg6 54. a8=Q Kh5 55. Qg8 Kh6 56. Kb6 Kh5 57. Qh1# 1-0

[Event "Victoria op Online"]
[Site "chess.com"]
[Date "2021.01.02"]
[Round "1.8"]
[White "Gao, Justin"]
[Black "Machado de Oliveira, Nicolau"]
[Result "1/2-1/2"]
[WhiteElo "1415"]
[BlackElo "1741"]
[PlyCount "165"]
[EventDate "2021.01.02"]
[EventType "swiss (rapid)"]
[EventRounds "5"]
[EventCountry "CAN"]

1. e4 e5 2. Nf3 Nf6 3. Nc3 Nc6 4. Bc4 Nxe4 5. Nxe4 d5 6. Bd3 dxe4 7. Bxe4 Bd6
8. O-O O-O 9. d3 Ne7 10. c4 f5 11. Bd5+ Nxd5 12. cxd5 Qe8 13. Nd2 b5 14. b3 Bb7
15. Re1 Qf7 16. Bb2 Qxd5 17. Nf3 Rae8 18. Rc1 Rf6 19. Kh1 Rh6 20. Kg1 g5 21.
Qd2 Rg6 22. Rf1 f4 23. Ne1 g4 24. f3 Bc5+ 25. Kh1 Be3 26. Qa5 Bxc1 27. Bxc1
gxf3 28. Nxf3 Qxd3 29. Qe1 e4 30. Nh4 Rg4 31. Nf5 Re6 32. Bxf4 e3 33. Nxe3 Rxe3
34. Qf2 Bxg2+ 35. Qxg2 Rxg2 36. Kxg2 Re2+ 37. Rf2 Rxf2+ 38. Kxf2 Qc2+ 39. Kg3
Qxa2 40. Bxc7 Qxb3+ 41. Kh4 Qc4+ 42. Bf4 Qc7 43. Bxc7 b4 44. Be5 b3 45. Kg3 a5
46. Kf3 a4 47. Bb2 Kf7 48. h4 Ke6 49. Ke4 h6 50. Kf4 Kd5 51. Ke3 Kc4 52. Kd2 h5
53. Ba3 Kd4 54. Kc1 Kc3 55. Kb1 Kd3 56. Kb2 Kc4 57. Be7 Kb5 58. Ka3 Ka5 59.
Bb4+ Kb5 60. Bc3 Kc4 61. Be1 Kd3 62. Kb2 Kc4 63. Ka3 Kd3 64. Kb2 Kc4 65. Bg3
Kb4 66. Bd6+ Kc4 67. Ka3 Kd3 68. Be5 Kc2 69. Kxa4 b2 70. Bxb2 Kxb2 71. Kb4 Kc2
72. Kc4 Kd2 73. Kd4 Kc2 74. Ke4 Kc3 75. Kf5 Kd4 76. Kg6 Ke5 77. Kg5 Ke6 78.
Kxh5 Kf7 79. Kg5 Kg7 80. h5 Kh8 81. Kg6 Kg8 82. h6 Kh8 83. h7 1/2-1/2

[Event "Victoria op Online"]
[Site "chess.com"]
[Date "2021.01.02"]
[Round "1.9"]
[White "Caluza, Severo (Juni)"]
[Black "MacDonnell, Paul"]
[Result "1-0"]
[WhiteElo "1728"]
[BlackElo "1415"]
[PlyCount "111"]
[EventDate "2021.01.02"]
[EventType "swiss (rapid)"]
[EventRounds "5"]
[EventCountry "CAN"]

1. Nf3 d5 2. e3 Bf5 3. c4 e6 4. Qb3 Nd7 5. cxd5 Nc5 6. Qb5+ Qd7 7. Qxd7+ Nxd7
8. Nc3 exd5 9. Nxd5 O-O-O 10. d4 Ndf6 11. Nc3 Ne7 12. Bc4 Ned5 13. Nxd5 Nxd5
14. Bd2 Bb4 15. O-O Bxd2 16. Nxd2 Bg6 17. a3 h5 18. h4 f6 19. Rac1 Be8 20. Nf3
Bc6 21. e4 Nb6 22. Be6+ Bd7 23. Bf7 Bg4 24. d5 Rd7 25. Be6 Bxe6 26. dxe6 Re7
27. Nd4 g5 28. f4 gxh4 29. f5 Rg7 30. Kh2 Rhg8 31. Rf2 Rg4 32. Nb5 c6 33. e5
fxe5 34. f6 Nd5 35. Nxa7+ Kb8 36. Nxc6+ bxc6 37. Rxc6 Nxf6 38. e7 Ne8 39. Rfc2
Rg3 40. Rb6+ Ka7 41. Rb4 R3g4 42. Rb5 Nd6 43. Rxe5 Re8 44. Rc7+ Kb6 45. Rd7 Kc6
46. Ra7 Kb6 47. Rd7 Kc6 48. Ra7 Reg8 49. Re2 Nf5 50. e8=Q+ Rxe8 51. Rxe8 h3 52.
gxh3 Rg3 53. Re6+ Kd5 54. Ra5+ Kxe6 55. Rxf5 Kxf5 56. Kxg3 1-0

[Event "Victoria op Online"]
[Site "chess.com"]
[Date "2021.01.02"]
[Round "1.10"]
[White "Cronin, Kent"]
[Black "Koukpari, Tiam"]
[Result "1-0"]
[WhiteElo "1408"]
[BlackElo "1725"]
[PlyCount "43"]
[EventDate "2021.01.02"]
[EventType "swiss (rapid)"]
[EventRounds "5"]
[EventCountry "CAN"]

1. e4 c5 2. Nf3 Nc6 3. d4 cxd4 4. Nxd4 e5 5. Nb5 d6 6. Bd2 a6 7. N5c3 Nf6 8. a3
Be7 9. Bc4 b5 10. Bd5 Nxd5 11. Nxd5 O-O 12. Nbc3 Be6 13. O-O f5 14. exf5 Bxf5
15. Be3 Bg5 16. f4 Bf6 17. Nxf6+ Qxf6 18. Qd5+ Kh8 19. Qxc6 exf4 20. Rxf4 Qe5
21. Qf3 g5 22. Bd4 1-0

[Event "Victoria op Online"]
[Site "chess.com"]
[Date "2021.01.02"]
[Round "2.1"]
[White "Jayawardena, Dinusha"]
[Black "Soliven, Joe"]
[Result "1-0"]
[WhiteElo "1629"]
[BlackElo "2080"]
[PlyCount "55"]
[EventDate "2021.01.02"]
[EventType "swiss (rapid)"]
[EventRounds "5"]
[EventCountry "CAN"]

1. d4 Nf6 2. Bg5 d6 3. Bxf6 exf6 4. Nf3 f5 5. e3 Be7 6. c4 O-O 7. Nc3 Re8 8. g3
c6 9. Bg2 Bf6 10. Qc2 g6 11. O-O Nd7 12. b4 Qc7 13. Rab1 Nf8 14. Rfc1 g5 15. d5
Ng6 16. dxc6 bxc6 17. b5 Bd7 18. Nd4 Bxd4 19. exd4 f4 20. Ne4 fxg3 21. hxg3 Kg7
22. Nxg5 Rac8 23. bxc6 Bxc6 24. Bxc6 Qxc6 25. d5 Qc5 26. Rb7 Rc7 27. Qb2+ Kg8
28. Rb5 1-0

[Event "Victoria op Online"]
[Site "chess.com"]
[Date "2021.01.02"]
[Round "2.2"]
[White "Kosinski, George"]
[Black "Leblanc, Paul"]
[Result "1-0"]
[WhiteElo "1855"]
[BlackElo "1573"]
[PlyCount "53"]
[EventDate "2021.01.02"]
[EventType "swiss (rapid)"]
[EventRounds "5"]
[EventCountry "CAN"]

1. c4 c5 2. g3 Nf6 3. Bg2 Nc6 4. Nc3 d6 5. e4 e5 6. Nge2 g6 7. O-O Bg7 8. d3
O-O 9. h3 Bd7 10. Be3 a6 11. Qd2 Rb8 12. Bh6 b5 13. Bxg7 Kxg7 14. b3 Nd4 15.
Nxd4 cxd4 16. Ne2 bxc4 17. dxc4 Bc6 18. f3 a5 19. Nc1 Qb6 20. Nd3 Nd7 21. f4
Qb7 22. fxe5 dxe5 23. Rae1 Nf6 24. Rxf6 Kxf6 25. Qh6 Qe7 26. h4 Ke6 27. Nxe5
1-0

[Event "Victoria op Online"]
[Site "chess.com"]
[Date "2021.01.02"]
[Round "2.3"]
[White "Beddoes, Richard"]
[Black "Kot, Emanuel"]
[Result "1-0"]
[WhiteElo "1832"]
[BlackElo "1528"]
[PlyCount "67"]
[EventDate "2021.01.02"]
[EventType "swiss (rapid)"]
[EventRounds "5"]
[EventCountry "CAN"]

1. e4 c5 2. a3 d6 3. b4 cxb4 4. axb4 Nf6 5. Nc3 Bd7 6. b5 e5 7. Nf3 Be7 8. d4
Bg4 9. Be2 Bxf3 10. Bxf3 O-O 11. O-O Qc7 12. Ne2 Nbd7 13. c3 Rfd8 14. Ba3 Nb6
15. Qd3 Bf8 16. Rfc1 d5 17. Bxf8 Kxf8 18. exd5 Nbxd5 19. Bxd5 Rxd5 20. c4 e4
21. Qa3+ Rd6 22. b6 Qd7 23. Qxa7 Rd8 24. h3 Qc6 25. Qa3 Kg8 26. Qe3 R6d7 27. d5
Qd6 28. Ra4 Rc8 29. Ng3 Rdd8 30. Nf5 Qd7 31. Qg5 g6 32. Nh6+ Kg7 33. Raa1 Qd6
34. Nf5+ 1-0

[Event "Victoria op Online"]
[Site "chess.com"]
[Date "2021.01.02"]
[Round "2.4"]
[White "Qiu, Peter Yong"]
[Black "Pitre, Hanniegn"]
[Result "1-0"]
[WhiteElo "1533"]
[BlackElo "1818"]
[PlyCount "69"]
[EventDate "2021.01.02"]
[EventType "swiss (rapid)"]
[EventRounds "5"]
[EventCountry "CAN"]

1. e4 d5 2. exd5 Nf6 3. Nf3 Qxd5 4. d4 Bg4 5. Be2 Nc6 6. O-O O-O-O 7. Be3 e6 8.
Nbd2 h6 9. c4 Qd7 10. a3 g5 11. b4 Bxf3 12. Nxf3 g4 13. Ne5 Nxe5 14. dxe5 Qxd1
15. Raxd1 Rxd1 16. Rxd1 Nd7 17. Bxg4 Rg8 18. Be2 Nxe5 19. f4 Ng6 20. g3 a6 21.
Kf2 Ne7 22. Bh5 Rg7 23. Bd4 Rh7 24. Bf6 Nc6 25. Bf3 Be7 26. Be4 Bxf6 27. Bxh7
Bd4+ 28. Kf3 Bb2 29. Bg8 Nd4+ 30. Ke4 Ne2 31. Ke3 Nc3 32. Rd3 Bc1+ 33. Kf3 Bb2
34. Bxf7 e5 35. fxe5 1-0

[Event "Victoria op Online"]
[Site "chess.com"]
[Date "2021.01.02"]
[Round "2.5"]
[White "Zhang, Joyce"]
[Black "Haines, Duncan"]
[Result "0-1"]
[WhiteElo "1525"]
[BlackElo "1783"]
[PlyCount "114"]
[EventDate "2021.01.02"]
[EventType "swiss (rapid)"]
[EventRounds "5"]
[EventCountry "CAN"]

1. e4 e6 2. d4 d5 3. Nd2 dxe4 4. Nxe4 Nd7 5. Nf3 Ngf6 6. Ng3 c5 7. Be2 Be7 8.
h3 O-O 9. O-O Qc7 10. c4 b6 11. Be3 Bb7 12. Qc2 Bd6 13. dxc5 Nxc5 14. b4 Na6
15. a3 Rac8 16. Bg5 Bxg3 17. Bxf6 gxf6 18. fxg3 Nb8 19. g4 Nd7 20. Bd3 h6 21.
Qd2 Kg7 22. Rac1 Rfd8 23. Qe3 Qg3 24. Be4 Bxe4 25. Qxe4 Ne5 26. Nxe5 Qxe5 27.
Qxe5 fxe5 28. Rfe1 Rd4 29. c5 bxc5 30. Rxe5 c4 31. Rc5 Rxc5 32. bxc5 Kf8 33.
Rc3 Ke7 34. Re3 Rd5 35. c6 Rc5 36. Rc3 Rxc6 37. Kf2 f6 38. Ke3 Kd6 39. Kd4 e5+
40. Ke4 Kc5 41. h4 a5 42. h5 Rd6 43. g3 Rd3 44. Rxd3 cxd3 45. Kxd3 Kd5 46. a4
e4+ 47. Ke3 Ke5 48. Ke2 Kd4 49. Kd2 e3+ 50. Ke2 Ke4 51. g5 fxg5 52. g4 Kf4 53.
Kf1 Kxg4 54. Ke2 Kf4 55. Ke1 Kf3 56. Kf1 e2+ 57. Ke1 g4 0-1

[Event "Victoria op Online"]
[Site "chess.com"]
[Date "2021.01.02"]
[Round "2.6"]
[White "Qiu, Andrew Yu"]
[Black "Caluza, Severo (Juni)"]
[Result "1-0"]
[WhiteElo "1516"]
[BlackElo "1728"]
[PlyCount "103"]
[EventDate "2021.01.02"]
[EventType "swiss (rapid)"]
[EventRounds "5"]
[EventCountry "CAN"]

1. e4 c5 2. Nf3 d6 3. d4 cxd4 4. Nxd4 Nf6 5. Nc3 a6 6. Be2 Bd7 7. Be3 Nc6 8. f3
Nxd4 9. Bxd4 e5 10. Be3 Be7 11. O-O Bc6 12. Nd5 Nxd5 13. exd5 Bd7 14. Qd2 f5
15. f4 Bf6 16. Qb4 Qe7 17. fxe5 Bxe5 18. Bh5+ g6 19. Bf3 O-O 20. Bh6 Rfc8 21.
Qd2 Qh4 22. g3 Qc4 23. c3 Bb5 24. Rfe1 Re8 25. Re3 Qc7 26. a4 Bc4 27. Rae1 Qf7
28. Bf4 Qf6 29. Qc2 a5 30. Bxe5 dxe5 31. b3 Ba6 32. c4 e4 33. Bg2 Qd4 34. Qc3
Qxc3 35. Rxc3 Rac8 36. g4 b6 37. gxf5 gxf5 38. Bh3 Re5 39. Rf1 Rf8 40. Rg3+ Kh8
41. Rg5 e3 42. Rfxf5 Rfxf5 43. Rxf5 Rxf5 44. Bxf5 Kg7 45. Kf1 Kf6 46. Bxh7 Ke5
47. Ke2 Kd4 48. Bf5 b5 49. axb5 Bb7 50. d6 a4 51. bxa4 Kxc4 52. d7 1-0

[Event "Victoria op Online"]
[Site "chess.com"]
[Date "2021.01.02"]
[Round "2.7"]
[White "Ingram, Richard"]
[Black "Fraser, Dylan"]
[Result "1/2-1/2"]
[WhiteElo "1457"]
[BlackElo "1691"]
[PlyCount "77"]
[EventDate "2021.01.02"]
[EventType "swiss (rapid)"]
[EventRounds "5"]
[EventCountry "CAN"]

1. e4 d5 2. exd5 Nf6 3. d4 Nxd5 4. Nf3 Bg4 5. Be2 Nc6 6. c3 Qd7 7. O-O e6 8.
Ne5 Nxe5 9. dxe5 Bxe2 10. Qxe2 O-O-O 11. Nd2 Qc6 12. Nf3 h6 13. a3 g5 14. Rd1
Be7 15. Be3 Nf4 16. Rxd8+ Rxd8 17. Bxf4 gxf4 18. Rd1 Rg8 19. Rd4 Bg5 20. h4 Be7
21. Rxf4 Qe8 22. Qe3 Kb8 23. Re4 Qf8 24. g3 Qg7 25. Kg2 b6 26. b4 h5 27. a4 f5
28. exf6 Bxf6 29. Rxe6 Bxc3 30. Re8+ Rxe8 31. Qxe8+ Kb7 32. b5 Qh8 33. Qe4+ Kb8
34. Qd5 Bb4 35. Ne5 Bc3 36. Nc6+ Kb7 37. Ne7+ Kb8 38. Nc6+ Kb7 39. Ne7+ 1/2-1/2

[Event "Victoria op Online"]
[Site "chess.com"]
[Date "2021.01.02"]
[Round "2.8"]
[White "Jillings, Duncan"]
[Black "Parpatt, Mark"]
[Result "1-0"]
[WhiteElo "1688"]
[BlackElo "1422"]
[PlyCount "87"]
[EventDate "2021.01.02"]
[EventType "swiss (rapid)"]
[EventRounds "5"]
[EventCountry "CAN"]

1. d4 Nf6 2. c4 g6 3. Nc3 d5 4. Nf3 Bg7 5. Bg5 dxc4 6. e3 Be6 7. Ne5 O-O 8.
Bxc4 Bxc4 9. Nxc4 Nbd7 10. O-O c5 11. d5 Nb6 12. Nxb6 Qxb6 13. Rb1 Rac8 14. e4
Rfe8 15. Qf3 Nd7 16. h4 Ne5 17. Qh3 h5 18. Bxe7 Nc4 19. Bg5 a6 20. Rfe1 Qc7 21.
b3 Nd6 22. Bf4 Qb6 23. e5 Nf5 24. Rbd1 Rcd8 25. d6 Re6 26. Nd5 Qa5 27. Qf3 Qxa2
28. Nc7 Nxh4 29. Qd3 Nf5 30. Nxe6 fxe6 31. Bg5 Rd7 32. Re2 Qa5 33. f4 Qb4 34.
Re4 Qb6 35. Kh2 Kf7 36. Kh3 Qc6 37. Bh4 Nh6 38. Bf2 b6 39. Bg1 a5 40. Rc1 Qb7
41. Bxc5 bxc5 42. Rxc5 Ng4 43. Kg3 Ke8 44. Rxa5 1-0

[Event "Victoria op Online"]
[Site "chess.com"]
[Date "2021.01.02"]
[Round "2.9"]
[White "Leong, Aiden"]
[Black "Imoo, Joshua"]
[Result "1/2-1/2"]
[WhiteElo "1289"]
[BlackElo "1678"]
[PlyCount "71"]
[EventDate "2021.01.02"]
[EventType "swiss (rapid)"]
[EventRounds "5"]
[EventCountry "CAN"]

1. b3 d5 2. Bb2 Nf6 3. e3 Bf5 4. Nf3 e6 5. d4 Bd6 6. Nbd2 O-O 7. c4 c6 8. Be2
Nbd7 9. O-O Ne4 10. Nxe4 dxe4 11. Ne5 Qc7 12. Nxd7 Qxd7 13. c5 Bc7 14. f4 h6
15. Rc1 Rfd8 16. Qc2 a5 17. a4 Rdb8 18. Qc3 f6 19. Rfd1 Bg6 20. h3 Kh8 21. Kh1
Bf7 22. Bc4 Qe7 23. Qc2 Bg6 24. Bf1 h5 25. g3 f5 26. h4 Be8 27. Bc4 Kh7 28. Ra1
g6 29. Qc3 Bd7 30. Ba3 Qg7 31. Rac1 Rd8 32. Rb1 Re8 33. Ra1 Ra7 34. Bb2 Raa8
35. Qc2 Qf7 36. Qc3 1/2-1/2